|
|
|
|
| LEADER |
00000cam a2200000 7i4500 |
| 001 |
0000010162 |
| 005 |
20240918.0 |
| 008 |
030505 ja eng |
| 020 |
|
|
|a 4894441179
|
| 040 |
|
|
|a INS
|b eng
|e rda
|
| 090 |
0 |
0 |
|a NE965
|b .N37 1996
|
| 245 |
0 |
0 |
|a New business card graphics 2
|
| 264 |
|
1 |
|a Japan :
|b P.I.B Books
|c 1996
|
| 300 |
|
|
|a 216 pagers :
|b colour illustrations ;
|c 31 cm.
|
| 336 |
|
|
|a text
|2 rdacontent
|
| 337 |
|
|
|a unmediated
|2 rdamedia
|
| 338 |
|
|
|a volume
|2 rdacarrier
|
| 500 |
|
|
|a Includes index
|
| 650 |
|
0 |
|a Business Cards
|x Catalogs
|
| 650 |
|
0 |
|a Commercial arts
|x Catalogs
|
| 999 |
|
|
|a 0000009429
|b BOOK
|c Open Shelf
|e Default branch
|
| 999 |
|
|
|a 0000011400
|b BOOK
|c Open Shelf
|e Default branch
|